书目信息 |
| 题名: |
图解服装缝纫知识100问
|
|
| 作者: | 徐丽 主编 | |
| 分册: | ||
| 出版信息: | 北京 化学工业出版社 2022 |
|
| 页数: | 122页 | |
| 开本: | 26cm | |
| 丛书名: | ||
| 单 册: | ||
| 中图分类: | TS941.634-64 , TS941.6 | |
| 科图分类: | ||
| 主题词: | 服装缝制--图解 | |
| 电子资源: | ||
| ISBN: | 978-7-122-40049-9 | |
| 000 | 00803nam0 2200229 450 | |
| 001 | 2252992013 | |
| 005 | 20220930144355.34 | |
| 010 | @a978-7-122-40049-9@dCNY49.80 | |
| 100 | @a20220106d2022 em y0chiy50 ea | |
| 101 | 0 | @achi |
| 102 | @aCN@b110000 | |
| 105 | @aa z 000yy | |
| 200 | 1 | @a图解服装缝纫知识100问@9tu jie fu zhuang feng ren zhi shi 100 wen@f徐丽主编 |
| 210 | @a北京@c化学工业出版社@d2022 | |
| 215 | @a122页@d26cm | |
| 330 | @a本书介绍了服装缝制的基本知识和技巧、新的缝纫要领和方法以及适用于某些织物的特殊缝制技术,同时介绍了裁剪纸样的用法。本书还特别介绍了专业人员与缝纫爱好者在缝制衣服时细节上的差异。 | |
| 606 | 0 | @a服装缝制@j图解 |
| 690 | @aTS941.634-64@v5 | |
| 690 | @aTS941.6@v4 | |
| 701 | 0 | @a徐丽@9xu li@4主编 |
| 801 | 0 | @aCN@b91MARC@c20220225 |
| 905 | @aZUCC@dTS941.6@e119 | |
| 图解服装缝纫知识100问/徐丽主编.-北京:化学工业出版社,2022 |
| 122页;26cm |
| ISBN 978-7-122-40049-9:CNY49.80 |
| 本书介绍了服装缝制的基本知识和技巧、新的缝纫要领和方法以及适用于某些织物的特殊缝制技术,同时介绍了裁剪纸样的用法。本书还特别介绍了专业人员与缝纫爱好者在缝制衣服时细节上的差异。 |
| ● |
| 相关链接 |
|
|
|
正题名:图解服装缝纫知识100问
索取号:TS941.6/119
 
预约/预借
| 序号 | 登录号 | 条形码 | 馆藏地/架位号 | 状态 | 备注 |
| 1 | 2000908696 | 2000908696 | 第三书库/ [索取号:TS941.6/119] | 在馆 | |
| 2 | 2000908697 | 2000908697 | 第三书库/ [索取号:TS941.6/119] | 在馆 | |
| 3 | 2000908698 | 2000908698 | 第三书库/ [索取号:TS941.6/119] | 在馆 |